[Event "RUS-ch 1/2 fin"]
[Site "Tula"]
[Date "2002.??.??"]
[Round "8"]
[White "Kuljabin, Vadim"]
[Black "Kotanjian, Tigran"]
[Result "0-1"]
[WhiteElo "2327"]
[BlackElo "2387"]
[PlyCount "88"]
[EventDate "2002.??.??"]
[EventType "swiss"]
[EventRounds "9"]
[EventCountry "RUS"]
[SourceTitle "EXT 2003"]
[Source "ChessBase"]
[SourceDate "2002.11.25"]
[SourceVersion "1"]
[SourceVersionDate "2002.11.25"]
[SourceQuality "1"]

1. c4 c6 2. Nf3 d5 3. b3 Nf6 4. Bb2 e6 5. g3 Be7 6. Bg2 0-0 7. 0-0 Nbd7 8. d3 a5 9. a3 b5 10. Nbd2 bxc4 11. bxc4 Rb8 12. Qc2 Bb7 13. Rfd1 Bd6 14. Nd4 Ba8 15. N2f3 g6 16. e4 e5 17. Ne2 d4 18. Bc1 Qe7 19. Bg5 Rb7 20. a4 Rfb8 21. Ra2 Nc5 22. Nxe5 Bxe5 23. f4 h6 24. fxe5 hxg5 25. exf6 Qxf6 26. Rf1 Qe5 27. Kh1 Rb3 28. Nc1 R3b4 29. Qf2 Rf8 30. Qc2 Bb7 31. Rb2 Rb8 32. Qf2 Rxb2 33. Qxb2 Bc8 34. Qd2 Rb4 35. Qf2 Be6 36. Bh3 Rb7 37. Bxe6 Nxe6 38. Nb3 g4 39. c5 Rxb3 40. Qxf7+ Kh8 41. Qe7 Rb8 42. Rf7 Kg8 43. Rh7 Rf8 44. Kg1 Qf6 0-1

[Event "RUS-ch 1/2 fin"]
[Site "Tula"]
[Date "2002.??.??"]
[Round "4"]
[White "Kuljabin, Vadim"]
[Black "Shuganov, Yury"]
[Result "1-0"]
[WhiteElo "2327"]
[BlackElo "2216"]
[PlyCount "55"]
[EventDate "2002.??.??"]
[EventType "swiss"]
[EventRounds "9"]
[EventCountry "RUS"]
[SourceTitle "EXT 2003"]
[Source "ChessBase"]
[SourceDate "2002.11.25"]
[SourceVersion "1"]
[SourceVersionDate "2002.11.25"]
[SourceQuality "1"]

1. c4 e5 2. Nc3 Nf6 3. e4 Nc6 4. g3 Bc5 5. Bg2 a6 6. d3 d6 7. h3 Be6 8. Nge2 Qc8 9. Nd5 Nd4 10. Nxf6+ gxf6 11. Be3 Bb4+ 12. Nc3 c6 13. f4 f5 14. 0-0 Qd7 15. g4 fxg4 16. f5 Bxf5 17. exf5 Nxf5 18. Bg5 Bc5+ 19. Kh2 g3+ 20. Kh1 h6 21. Ne4 Qe6 22. Qg4 Bf2 23. Bf6 d5 24. cxd5 cxd5 25. Qxf5 Qxf5 26. Nd6+ Kd7 27. Nxf5 Ke6 28. Nxg3 1-0

[Event "Dunajska Streda op"]
[Site "Dunajska Streda"]
[Date "1999.06.17"]
[Round "8"]
[White "Lybin, Dmitry Vitalievich"]
[Black "Kuljabin, Vadim"]
[Result "1-0"]
[WhiteElo "2405"]
[BlackElo "2420"]
[PlyCount "61"]
[EventDate "1999.06.12"]
[EventType "swiss"]
[EventRounds "9"]
[EventCountry "SVK"]
[SourceTitle "EXT 2006"]
[Source "ChessBase"]
[SourceDate "2005.11.24"]
[SourceVersion "1"]
[SourceVersionDate "2005.11.24"]
[SourceQuality "1"]

1. d4 Nf6 2. c4 g6 3. Nc3 Bg7 4. Bg5 d6 5. Nf3 0-0 6. e3 c6 7. Be2 a6 8. 0-0 b5 9. a3 bxc4 10. Bxc4 Nbd7 11. e4 Nb6 12. Ba2 Nfd7 13. Re1 Kh8 14. e5 f6 15. exf6 exf6 16. Bf4 d5 17. Rc1 Re8 18. Rxe8+ Qxe8 19. Na4 Qe6 20. Nc5 Nxc5 21. dxc5 Nd7 22. Nd4 Qe4 23. Qd2 g5 24. Bd6 Bb7 25. Bb1 Qh4 26. Qb4 Ra7 27. g3 Qh5 28. Bf5 Qf7 29. Re1 Ne5 30. Qb6 Ra8 31. Be6 1-0

[Event "Dunajska Streda op"]
[Site "Dunajska Streda"]
[Date "1999.06.16"]
[Round "7"]
[White "Kuljabin, Vadim"]
[Black "Teterev, Vitaly"]
[Result "1-0"]
[WhiteElo "2420"]
[BlackElo "2078"]
[PlyCount "72"]
[EventDate "1999.06.12"]
[EventType "swiss"]
[EventRounds "9"]
[EventCountry "SVK"]
[SourceTitle "EXT 2006"]
[Source "ChessBase"]
[SourceDate "2005.11.24"]
[SourceVersion "1"]
[SourceVersionDate "2005.11.24"]
[SourceQuality "1"]

1. Nf3 Nf6 2. c4 c5 3. g3 b6 4. Bg2 Bb7 5. 0-0 e6 6. b3 Be7 7. Bb2 0-0 8. d4 cxd4 9. Qxd4 d6 10. Rd1 Nbd7 11. Nc3 a6 12. Rac1 Qc7 13. e4 Rfd8 14. Ne1 Rac8 15. Nc2 Bf8 16. Ne3 Qb8 17. Ba3 Nc5 18. Nc2 Qa8 19. f3 d5 20. cxd5 exd5 21. e5 Ne6 22. Qd3 Bxa3 23. Nxa3 Nd7 24. Qe2 d4 25. Ncb1 Rxc1 26. Rxc1 d3 27. Qe3 Ndc5 28. Nc4 Nd4 29. Rf1 Nc2 30. Qf2 Qa7 31. Rd1 Qb8 32. Nxb6 Qxe5 33. Qxc2 Qd6 34. Qf2 Qxb6 35. Na3 Qb4 36. Nc4 a5 1-0

[Event "Dunajska Streda op"]
[Site "Dunajska Streda"]
[Date "1999.06.14"]
[Round "4"]
[White "Libov, Gennady"]
[Black "Kuljabin, Vadim"]
[Result "1/2-1/2"]
[WhiteElo "2270"]
[BlackElo "2420"]
[PlyCount "24"]
[EventDate "1999.06.12"]
[EventType "swiss"]
[EventRounds "9"]
[EventCountry "SVK"]
[SourceTitle "EXT 2006"]
[Source "ChessBase"]
[SourceDate "2005.11.24"]
[SourceVersion "1"]
[SourceVersionDate "2005.11.24"]
[SourceQuality "1"]

1. g3 g6 2. Bg2 Bg7 3. e4 c5 4. f4 Nc6 5. d3 d6 6. Nf3 e6 7. 0-0 Nge7 8. c3 0-0 9. Be3 b6 10. Na3 Ba6 11. Bf2 Rc8 12. Re1 e5 1/2-1/2

[Event "Dunajska Streda op"]
[Site "Dunajska Streda"]
[Date "1999.06.13"]
[Round "2"]
[White "Krischke, Arnold"]
[Black "Kuljabin, Vadim"]
[Result "0-1"]
[WhiteElo "2112"]
[BlackElo "2420"]
[PlyCount "116"]
[EventDate "1999.06.12"]
[EventType "swiss"]
[EventRounds "9"]
[EventCountry "SVK"]
[SourceTitle "EXT 2006"]
[Source "ChessBase"]
[SourceDate "2005.11.24"]
[SourceVersion "1"]
[SourceVersionDate "2005.11.24"]
[SourceQuality "1"]

1. c4 g6 2. Nc3 Bg7 3. g3 Nf6 4. Bg2 0-0 5. Nf3 Nc6 6. 0-0 d6 7. Rb1 e5 8. b4 Be6 9. b5 Ne7 10. d3 h6 11. Ne1 Qc8 12. Nc2 Bh3 13. e4 Bxg2 14. Kxg2 c6 15. Ne3 Rd8 16. Ba3 Qe6 17. bxc6 bxc6 18. Rb7 Rdb8 19. Qb3 Nd7 20. Rb1 Nb6 21. Rxb8+ Rxb8 22. c5 Qxb3 23. Rxb3 dxc5 24. Bxc5 Nec8 25. Nc4 Nd7 26. Rxb8 Nxb8 27. Kf1 Nd7 28. Be3 Bf8 29. Ke2 f6 30. f3 Kf7 31. Kd2 Ke6 32. Ne2 Ncb6 33. Kc3 Na4+ 34. Kc2 Ndb6 35. Nb2 Nc5 36. d4 exd4 37. Nxd4+ Kd7 38. Nd3 Nxd3 39. Kxd3 c5 40. Ne2 g5 41. g4 Kc6 42. h3 a5 43. Bd2 c4+ 44. Kc2 Kb5 45. Nd4+ Ka4 46. Nf5 Nd7 47. f4 Nc5 48. fxg5 fxg5 49. e5 Ne6 50. Nd6 Nd4+ 51. Kc3 Nf3 52. Nxc4 Bb4+ 53. Kd3 Bxd2 54. Nxd2 Nxe5+ 55. Ke4 Ng6 56. Nb3 Kb4 57. Nd4 a4 58. Nf5 Ka3 0-1

[Event "Dunajska Streda op"]
[Site "Dunajska Streda"]
[Date "1999.06.13"]
[Round "3"]
[White "Kuljabin, Vadim"]
[Black "Rachela, Milan"]
[Result "1-0"]
[WhiteElo "2420"]
[BlackElo "2181"]
[PlyCount "59"]
[EventDate "1999.06.12"]
[EventType "swiss"]
[EventRounds "9"]
[EventCountry "SVK"]
[SourceTitle "EXT 2006"]
[Source "ChessBase"]
[SourceDate "2005.11.24"]
[SourceVersion "1"]
[SourceVersionDate "2005.11.24"]
[SourceQuality "1"]

1. c4 Nf6 2. Nc3 c5 3. Nf3 g6 4. g3 Bg7 5. Bg2 0-0 6. d4 cxd4 7. Nxd4 Nc6 8. 0-0 Qb6 9. Nc2 d6 10. Rb1 Bf5 11. b3 Rac8 12. Be3 Qc7 13. Rc1 Qd7 14. Re1 Bh3 15. Bh1 Ng4 16. Ne4 Nxe3 17. Nxe3 h6 18. Nd5 g5 19. Qd2 Rcd8 20. f4 gxf4 21. Nxf4 Bg4 22. Nf2 Kh8 23. Be4 Bf5 24. Qd5 Be5 25. e3 e6 26. Qd1 Bh7 27. Qh5 f5 28. Bxc6 Qxc6 29. Nxe6 f4 30. exf4 1-0

[Event "Dunajska Streda op"]
[Site "Dunajska Streda"]
[Date "1999.06.12"]
[Round "1"]
[White "Kuljabin, Vadim"]
[Black "Kisonova, Katarina"]
[Result "1-0"]
[WhiteElo "2420"]
[BlackElo "1869"]
[PlyCount "53"]
[EventDate "1999.06.12"]
[EventType "swiss"]
[EventRounds "9"]
[EventCountry "SVK"]
[SourceTitle "EXT 2006"]
[Source "ChessBase"]
[SourceDate "2005.11.24"]
[SourceVersion "1"]
[SourceVersionDate "2005.11.24"]
[SourceQuality "1"]

1. c4 c6 2. Nf3 Nf6 3. b3 d5 4. Bb2 Bg4 5. Ne5 Bf5 6. d3 g6 7. g4 Be6 8. g5 Nh5 9. Nxf7 Bxf7 10. Bxh8 Nd7 11. Bc3 e5 12. h4 Qb6 13. Bh3 Bd6 14. e3 Qc7 15. Nd2 Nc5 16. Qc2 Qe7 17. 0-0-0 e4 18. dxe4 dxe4 19. Bf1 0-0-0 20. Bd4 Nd3+ 21. Bxd3 exd3 22. Qc3 Ba3+ 23. Kb1 c5 24. Be5 b5 25. cxb5 Bb4 26. Qb2 Qb7 27. Nc4 1-0

[Event "Klatovy op-A"]
[Site "Klatovy"]
[Date "1999.??.??"]
[Round "4"]
[White "Taborsky, Rostislav"]
[Black "Kuljabin, Vadim"]
[Result "1/2-1/2"]
[WhiteElo "2208"]
[BlackElo "2420"]
[PlyCount "114"]
[EventDate "1999.??.??"]
[EventType "swiss"]
[EventRounds "9"]
[EventCountry "CZE"]
[SourceTitle "EXT 2000"]
[Source "ChessBase"]
[SourceDate "1999.11.16"]
[SourceVersion "1"]
[SourceVersionDate "1999.11.16"]
[SourceQuality "1"]

1. e4 c5 2. Nf3 d6 3. d4 cxd4 4. Nxd4 Nf6 5. Nc3 g6 6. Be3 Bg7 7. f3 0-0 8. Qd2 Nc6 9. g4 Nxd4 10. Bxd4 Qa5 11. h4 Be6 12. 0-0-0 Bxa2 13. Nd5 Qxd2+ 14. Rxd2 Bxd5 15. exd5 Nd7 16. Bxg7 Kxg7 17. h5 g5 18. h6+ Kf6 19. Bd3 Rh8 20. f4 gxf4 21. g5+ Kxg5 22. Rg1+ Kf6 23. Rf2 e5 24. dxe6 Kxe6 25. Rxf4 Ne5 26. Bf5+ Ke7 27. Rg7 Rae8 28. Bxh7 Kf8 29. Rf6 d5 30. b3 Ke7 31. Rf5 Kd6 32. Rf6+ Re6 33. Rxe6+ Kxe6 34. Kd2 Nd7 35. Bg8 Rxh6 36. Rxf7 Kd6 37. Rg7 Nf6 38. Bf7 Kc5 39. Kd3 Rh3+ 40. Kd2 Rh7 41. Rxh7 Nxh7 42. c3 Nf6 43. Kd3 Kd6 44. Kd4 a5 45. c4 dxc4 46. b4 axb4 47. Kxc4 b3 48. Kxb3 Kc5 49. Be6 Ne4 50. Bd7 Nd6 51. Kc3 Nb5+ 52. Kb3 Nd4+ 53. Kc3 Nb5+ 54. Kb3 Na7 55. Be8 Nc8 56. Bd7 Nd6 57. Kc3 Nb5+ 1/2-1/2

[Event "Plzen op-C U18"]
[Site "Plzen"]
[Date "1998.??.??"]
[Round "3"]
[White "Hercik, Josef"]
[Black "Kuljabin, Vadim"]
[Result "0-1"]
[WhiteElo "1870"]
[BlackElo "2420"]
[PlyCount "92"]
[EventDate "1998.08.??"]
[EventType "swiss"]
[EventRounds "9"]
[EventCountry "CZE"]
[SourceTitle "EXT 2000"]
[Source "ChessBase"]
[SourceDate "1999.11.16"]
[SourceVersion "1"]
[SourceVersionDate "1999.11.16"]
[SourceQuality "1"]

1. e4 c5 2. Nc3 Nc6 3. f4 g6 4. Bc4 Bg7 5. Nf3 e6 6. d3 Nge7 7. Qe2 0-0 8. e5 d6 9. 0-0 dxe5 10. fxe5 Nxe5 11. Nxe5 Qd4+ 12. Kh1 Qxe5 13. Ne4 Nd5 14. Qf2 b6 15. Bxd5 exd5 16. Nf6+ Kh8 17. Qh4 Bxf6 18. Qxf6+ Qxf6 19. Rxf6 Kg7 20. Rd6 d4 21. Bd2 Re8 22. Re1 Bb7 23. Rd7 Bc6 24. Rde7 Rxe7 25. Rxe7 Kf6 26. Re2 g5 27. Kg1 Bd5 28. Bxg5+ Kxg5 29. Re5+ Kf4 30. Rxd5 Ke3 31. Rf5 Kd2 32. Rf2+ Kc1 33. b3 Re8 34. g3 Kd1 35. Rxf7 Kxc2 36. Rf3 Re3 37. Rf2+ Kxd3 38. g4 Kc3 39. g5 d3 40. Rf1 Re5 41. h4 d2 42. Kg2 Re1 43. Rf3+ Kd4 44. Rf7 d1Q 45. Rd7+ Ke5 46. Rxd1 Rxd1 0-1

[Event "Plzen op-C U18"]
[Site "Plzen"]
[Date "1998.??.??"]
[Round "2"]
[White "Kuljabin, Vadim"]
[Black "Stehlik, Jiri"]
[Result "1-0"]
[WhiteElo "2420"]
[BlackElo "2140"]
[PlyCount "119"]
[EventDate "1998.08.??"]
[EventType "swiss"]
[EventRounds "9"]
[EventCountry "CZE"]
[SourceTitle "EXT 2000"]
[Source "ChessBase"]
[SourceDate "1999.11.16"]
[SourceVersion "1"]
[SourceVersionDate "1999.11.16"]
[SourceQuality "1"]

1. Nf3 Nf6 2. c4 c5 3. g3 b6 4. Bg2 Bb7 5. 0-0 g6 6. d3 Bg7 7. e4 Nc6 8. Nc3 0-0 9. Rb1 Ne8 10. Be3 Nd4 11. Qd2 Nc7 12. b4 d6 13. Bh6 Nxf3+ 14. Bxf3 Ne6 15. Bxg7 Kxg7 16. Ne2 Qc7 17. Qe3 Rab8 18. a3 Nd8 19. d4 cxb4 20. axb4 Qxc4 21. Rfc1 Qe6 22. Rc7 Re8 23. b5 Qf6 24. Ra1 e5 25. Rxa7 exd4 26. Nxd4 d5 27. Nc6 Bxc6 28. bxc6 d4 29. Qb3 Re6 30. Kg2 Re5 31. Rd7 Ne6 32. c7 Rc8 33. Qxb6 Ng5 34. Qxf6+ Kxf6 35. Bg4 Ree8 36. Rxd4 Ne6 37. Rc4 h5 38. Bh3 Re7 39. f4 Rcxc7 40. Raxc7 Nxc7 41. Rc6+ Kg7 42. Kf3 Ne8 43. Rb6 Ra7 44. e5 Kf8 45. Bf1 Ng7 46. Bc4 Nf5 47. Ke4 Ne7 48. h3 Rc7 49. Bd3 Nf5 50. g4 hxg4 51. hxg4 Nh6 52. Be2 Ra7 53. Rb4 Kg7 54. f5 gxf5+ 55. gxf5 Ra1 56. f6+ Kg6 57. Kf4 Rg1 58. Rb2 Kh7 59. Bd3+ Kh8 60. Rh2 1-0

[Event "Plzen op-C U18"]
[Site "Plzen"]
[Date "1998.??.??"]
[Round "8"]
[White "Kuljabin, Vadim"]
[Black "Suran, Jan"]
[Result "0-1"]
[WhiteElo "2420"]
[BlackElo "2295"]
[PlyCount "130"]
[EventDate "1998.08.??"]
[EventType "swiss"]
[EventRounds "9"]
[EventCountry "CZE"]
[SourceTitle "EXT 2000"]
[Source "ChessBase"]
[SourceDate "1999.11.16"]
[SourceVersion "1"]
[SourceVersionDate "1999.11.16"]
[SourceQuality "1"]

1. c4 c5 2. g3 Nf6 3. Bg2 Nc6 4. Nc3 e6 5. e4 d6 6. Nge2 Be7 7. 0-0 a6 8. d3 0-0 9. f4 Rb8 10. Kh1 Qc7 11. Be3 Bd7 12. Qd2 b5 13. Rae1 bxc4 14. dxc4 Bc8 15. b3 Bb7 16. h3 Rfd8 17. g4 Nd7 18. Rd1 Bf8 19. Qe1 Ne7 20. Rd3 Nb6 21. Qf2 Rbc8 22. Rfd1 Nc6 23. Qg1 Rd7 24. Bf2 Rcd8 25. R3d2 Be7 26. g5 Bf8 27. Qh2 Ne7 28. Bg3 Qc8 29. f5 exf5 30. Rxd6 Rxd6 31. Rxd6 Rxd6 32. Bxd6 fxe4 33. Nxe4 Nd7 34. N2c3 Nf5 35. Bxf8 Nxf8 36. Qe5 Ne3 37. Nd5 Bxd5 38. cxd5 Ng6 39. Nd6 Nxg2 40. Kxg2 Qxh3+ 41. Kxh3 Nxe5 42. Kg3 Kf8 43. Kf4 Nd7 44. Ke4 g6 45. Nc8 f6 46. gxf6 Kf7 47. a4 h5 48. a5 h4 49. Nd6+ Kxf6 50. Kf4 g5+ 51. Kg4 Ke5 52. Nf7+ Kxd5 53. Nxg5 Ne5+ 54. Kxh4 Nc6 55. Kg4 Nxa5 56. Kf3 Nxb3 57. Ke2 Kc4 58. Ne4 a5 59. Kd1 Kd3 60. Nd6 Kc3 61. Ne4+ Kb2 62. Nd6 a4 63. Nc4+ Kc3 64. Na3 c4 65. Nc2 Nd4 0-1

[Event "Nizhnij Tagil"]
[Site "Nizhnij Tagil"]
[Date "1998.??.??"]
[Round "2"]
[White "Kuljabin, Vadim"]
[Black "Zhidkov, Valery S"]
[Result "0-1"]
[WhiteElo "2450"]
[BlackElo "2400"]
[PlyCount "82"]
[EventDate "1998.??.??"]
[EventType "tourn"]
[EventRounds "9"]
[EventCountry "RUS"]
[SourceTitle "EXT 1999"]
[Source "ChessBase"]
[SourceDate "1998.11.16"]
[SourceVersion "1"]
[SourceVersionDate "1998.11.16"]
[SourceQuality "1"]

1. c4 Nf6 2. Nc3 e6 3. Nf3 c5 4. e4 d6 5. Bd3 g6 6. Bc2 Bg7 7. d4 cxd4 8. Nxd4 a6 9. Ba4+ Nbd7 10. Be3 0-0 11. h3 Nc5 12. Bc2 Qc7 13. 0-0 b6 14. Qd2 Bb7 15. f3 Rfe8 16. Rac1 Rac8 17. Rfd1 Red8 18. Bg5 Ncd7 19. Ba4 Qb8 20. Nde2 Ne5 21. b3 d5 22. exd5 exd5 23. Qe3 dxc4 24. Qxb6 Nd3 25. Rb1 Rd6 26. Qe3 Re6 27. Qd2 Qa7+ 28. Kh2 Bxf3 29. bxc4 Qc7+ 30. Kg1 Qc5+ 31. Kh2 Bxe2 32. Nxe2 Ne4 33. Qxd3 Qxg5 34. Rf1 Nc5 35. Qf3 Rf6 36. Qa3 Rxf1 37. Rxf1 Qe5+ 38. Ng3 h5 39. h4 Qd4 40. Rf3 Qxh4+ 41. Kg1 Qxc4 0-1

[Event "Plzen op-C U18"]
[Site "Plzen"]
[Date "1998.??.??"]
[Round "6"]
[White "Kuljabin, Vadim"]
[Black "Zimmerman, Yuri"]
[Result "0-1"]
[WhiteElo "2420"]
[BlackElo "2340"]
[PlyCount "69"]
[EventDate "1998.08.??"]
[EventType "swiss"]
[EventRounds "9"]
[EventCountry "CZE"]
[SourceTitle "EXT 2000"]
[Source "ChessBase"]
[SourceDate "1999.11.16"]
[SourceVersion "1"]
[SourceVersionDate "1999.11.16"]
[SourceQuality "1"]

1. c4 Nf6 2. Nc3 g6 3. g3 Bg7 4. Bg2 0-0 5. e4 d6 6. Nge2 e5 7. d3 c6 8. 0-0 a6 9. b3 b5 10. Ba3 c5 11. Bb2 b4 12. Nd5 Nc6 13. h3 Be6 14. Kh2 Nd7 15. Qd2 a5 16. a4 Nd4 17. Qd1 Ra7 18. Bc1 Bxd5 19. cxd5 f5 20. Ng1 fxe4 21. Bxe4 Nb6 22. Be3 Nf5 23. Qf3 Qe8 24. Qg2 Qf7 25. g4 Ne7 26. Nf3 Nexd5 27. Ng5 Nxe3 28. fxe3 Qe7 29. Bd5+ Nxd5 30. Qxd5+ Kh8 31. Ne4 Rd7 32. Kg2 Re8 33. Rf3 Qe6 34. Qxe6 Rxe6 35. Raf1 0-1

[Event "Plzen op-C U18"]
[Site "Plzen"]
[Date "1998.??.??"]
[Round "9"]
[White "Tupy, Martin"]
[Black "Kuljabin, Vadim"]
[Result "1/2-1/2"]
[WhiteElo "2210"]
[BlackElo "2420"]
[PlyCount "89"]
[EventDate "1998.08.??"]
[EventType "swiss"]
[EventRounds "9"]
[EventCountry "CZE"]
[SourceTitle "EXT 2000"]
[Source "ChessBase"]
[SourceDate "1999.11.16"]
[SourceVersion "1"]
[SourceVersionDate "1999.11.16"]
[SourceQuality "1"]

1. e4 c5 2. Nf3 d6 3. d4 cxd4 4. Nxd4 Nf6 5. Nc3 g6 6. Be3 Bg7 7. f3 0-0 8. Qd2 Nc6 9. Bc4 Bd7 10. 0-0-0 Rc8 11. Bb3 Na5 12. Kb1 Nc4 13. Bxc4 Rxc4 14. g4 b5 15. h4 b4 16. Nce2 a5 17. Bh6 e5 18. Bxg7 Kxg7 19. Nb3 Qc7 20. h5 Rc8 21. hxg6 fxg6 22. Qh6+ Kg8 23. g5 Nh5 24. Ng3 Be8 25. Nxh5 gxh5 26. Qxd6 Qxd6 27. Rxd6 Rxc2 28. Rc1 Rxc1+ 29. Nxc1 Ba4 30. b3 Bb5 31. Rh6 Rc3 32. Rxh5 Be8 33. g6 Bxg6 34. Rxe5 Rxf3 35. Kc2 Re3 36. Kd2 Rxe4 37. Rxa5 h5 38. a3 h4 39. Rg5 Kf7 40. axb4 h3 41. Rg1 Bh5 42. Rh1 Bg4 43. Rh2 Rxb4 44. Nd3 Rxb3 45. Ne5+ 1/2-1/2

[Event "Klatovy op-A"]
[Site "Klatovy"]
[Date "1997.??.??"]
[Round "?"]
[White "Kuljabin, Vadim"]
[Black "Kucera, Petr"]
[Result "1-0"]
[WhiteElo "2360"]
[BlackElo "2320"]
[PlyCount "127"]
[EventDate "1997.??.??"]
[EventType "swiss"]
[EventRounds "9"]
[EventCountry "CZE"]
[SourceTitle "EXT 1998"]
[Source "ChessBase"]
[SourceDate "1997.11.17"]
[SourceVersion "1"]
[SourceVersionDate "1997.11.17"]
[SourceQuality "1"]

1. c4 e6 2. g3 Nf6 3. Bg2 d5 4. Nf3 dxc4 5. Qa4+ Nbd7 6. 0-0 a6 7. Nc3 Be7 8. Qxc4 b5 9. Qf4 Bb7 10. d3 0-0 11. Rd1 c5 12. a4 b4 13. Nb1 a5 14. Nbd2 Nb6 15. Nc4 Nfd5 16. Qd2 Qc7 17. Qc2 Nxc4 18. dxc4 Nf6 19. Bf4 Qb6 20. Ne5 Rfd8 21. b3 Nh5 22. Be4 f5 23. Bxb7 Qxb7 24. Rxd8+ Rxd8 25. Rd1 Nxf4 26. gxf4 Rd6 27. Rd3 Qc7 28. Qd2 Rxd3 29. Nxd3 Bd6 30. Qe3 Qc8 31. Qf3 g6 32. Qg2 Kg7 33. Qg5 h6 34. Qg2 Qc7 35. e3 Qc8 36. Kf1 Qa6 37. Ke2 Qc8 38. Qf3 Qa6 39. Qg2 Qc8 40. Qf3 Qa6 41. Qh1 Qc8 42. Qa1+ Kf7 43. Ne5+ Bxe5 44. Qxe5 g5 45. f3 gxf4 46. exf4 Qf8 47. Qc7+ Qe7 48. Qxa5 Qd6 49. h4 Kg6 50. Qa8 Kh5 51. Qh8 Qxf4 52. Qe8+ Kxh4 53. Qxe6 Qh2+ 54. Kd3 Qb2 55. Qxh6+ Kg3 56. Qg5+ Kxf3 57. Qe3+ Kg2 58. Qg5+ Kf3 59. Qxf5+ Kg3 60. Qg5+ Kh3 61. Qe3+ Kh4 62. Ke4 Qg2+ 63. Kf5 Qf3+ 64. Qf4+ 1-0

[Event "Klatovy op-A"]
[Site "Klatovy"]
[Date "1997.??.??"]
[Round "?"]
[White "Kuljabin, Vadim"]
[Black "Trmota, Zdenek"]
[Result "1-0"]
[WhiteElo "2360"]
[BlackElo "2110"]
[PlyCount "91"]
[EventDate "1997.??.??"]
[EventType "swiss"]
[EventRounds "9"]
[EventCountry "CZE"]
[SourceTitle "EXT 1998"]
[Source "ChessBase"]
[SourceDate "1997.11.17"]
[SourceVersion "1"]
[SourceVersionDate "1997.11.17"]
[SourceQuality "1"]

1. Nf3 Nf6 2. g3 g6 3. Bg2 Bg7 4. 0-0 0-0 5. d3 d6 6. e4 e5 7. Nbd2 Nbd7 8. Nc4 Nc5 9. Be3 Ne6 10. h3 a5 11. Qd2 a4 12. Bh6 b5 13. Bxg7 Nxg7 14. Ne3 c6 15. Nh2 Ngh5 16. d4 Be6 17. dxe5 dxe5 18. Qc3 Qd4 19. Qxc6 Nxg3 20. Rfd1 Ne2+ 21. Kf1 Ng3+ 22. Ke1 Qb4+ 23. c3 Qxb2 24. fxg3 Rac8 25. Qb6 Nxe4 26. Bxe4 Qxh2 27. Nf1 Qxh3 28. Kf2 Rxc3 29. Rd8 Rxd8 30. Qxd8+ Kg7 31. Qb8 Qh5 32. Qxb5 Rc4 33. Re1 Kf6 34. a3 Rd4 35. Bf3 Qg5 36. Qb8 Qf5 37. Rxe5 Qc2+ 38. Kg1 Qc3 39. Re3 Qc5 40. Qh8+ Ke7 41. Qxh7 Rd3 42. Qh4+ Kd7 43. Qxa4+ Kc7 44. Qf4+ Kb6 45. Qb8+ Ka5 46. Qb4+ 1-0

[Event "Budapest FS11 IM-B"]
[Site "Budapest"]
[Date "1995.??.??"]
[Round "10"]
[White "Kuljabin, Vadim"]
[Black "Borsavolgyi, Tamas"]
[Result "0-1"]
[WhiteElo "2230"]
[BlackElo "2320"]
[PlyCount "55"]
[EventDate "1995.11.??"]
[EventType "tourn"]
[EventRounds "11"]
[EventCountry "HUN"]
[EventCategory "1"]
[SourceTitle "CBM 050 Extra"]
[Source "ChessBase"]
[SourceDate "1996.03.01"]
[SourceVersion "1"]
[SourceVersionDate "1996.03.01"]
[SourceQuality "1"]

1. c4 Nf6 2. g3 c6 3. Bg2 d5 4. Qc2 g6 5. d3 Bg7 6. Nf3 dxc4 7. Qxc4 Be6 8. Qh4 h6 9. 0-0 Ng4 10. h3 Bf6 11. Qxg4 Bxg4 12. hxg4 Nd7 13. d4 e5 14. Rd1 exd4 15. Nxd4 Ne5 16. Nc3 Nxg4 17. Ndb5 Qe7 18. Nd6+ Kf8 19. Nce4 Be5 20. Bf4 Bxf4 21. gxf4 f5 22. Ng3 Rd8 23. Ndxf5 gxf5 24. e3 Rxd1+ 25. Rxd1 Qf6 26. Rd2 h5 27. Bh3 Rg8 28. Nxh5 0-1

[Event "Budapest FS11 IM-B"]
[Site "Budapest"]
[Date "1995.??.??"]
[Round "5"]
[White "Kuljabin, Vadim"]
[Black "Dobos, Jozsef"]
[Result "0-1"]
[WhiteElo "2230"]
[BlackElo "2350"]
[PlyCount "72"]
[EventDate "1995.11.??"]
[EventType "tourn"]
[EventRounds "11"]
[EventCountry "HUN"]
[EventCategory "1"]
[SourceTitle "CBM 050 Extra"]
[Source "ChessBase"]
[SourceDate "1996.03.01"]
[SourceVersion "1"]
[SourceVersionDate "1996.03.01"]
[SourceQuality "1"]

1. c4 g6 2. g3 Bg7 3. Bg2 d6 4. Nc3 e5 5. d3 Ne7 6. h4 h6 7. h5 g5 8. e4 f5 9. Nd5 Nxd5 10. cxd5 0-0 11. Bd2 c6 12. Ne2 cxd5 13. exf5 Bxf5 14. Bxd5+ Kh8 15. Nc3 Nc6 16. 0-0 Qd7 17. Be3 Bg4 18. f3 Bxh5 19. Kg2 Ne7 20. Rc1 Bf7 21. Bxf7 Rxf7 22. Qb3 d5 23. Bc5 Rd8 24. Bxa7 g4 25. fxg4 Rxf1 26. Rxf1 Qxg4 27. Qd1 Qg6 28. Kh3 h5 29. Bc5 Nf5 30. g4 Nh6 31. gxh5 Qe6+ 32. Kg2 e4 33. dxe4 d4 34. b4 Rg8 35. Nd5 Qxe4+ 36. Qf3 Be5+ 0-1